Environmentální etika v podnikání
Podnikanie, spotreba a antropocentrická etika. Podnikateľská etika a environmentálna etika. Práva spotrebiteľa a legislatíva. Miesto etiky v koncepcii trvalo udržateľného rozvoja. Vzorový etický kódex podnikateľa. Vzorový etický kódex spotrebiteľa.
Guardado en:
| Autor principal: | |
|---|---|
| Formato: | Capítulo de libro |
| Lenguaje: | checo |
| Materias: | |
| Etiquetas: |
Sin Etiquetas, Sea el primero en etiquetar este registro!
|
MARC
| LEADER | 00000naa a2200000 4500 | ||
|---|---|---|---|
| 001 | r034266 | ||
| 005 | 20230928073526.7 | ||
| 041 | 0 | |a cze | |
| 044 | |a SK | ||
| 245 | 1 | 0 | |a Environmentální etika v podnikání |c Josef Zelenka |
| 520 | |a Podnikanie, spotreba a antropocentrická etika. Podnikateľská etika a environmentálna etika. Práva spotrebiteľa a legislatíva. Miesto etiky v koncepcii trvalo udržateľného rozvoja. Vzorový etický kódex podnikateľa. Vzorový etický kódex spotrebiteľa. | ||
| 610 | 2 | 0 | |a etika |
| 610 | 2 | 0 | |a etika podnikateľská |
| 610 | 2 | 0 | |a etika environmentálna |
| 610 | 2 | 0 | |a podnikanie |
| 610 | 2 | 0 | |a spotreba |
| 610 | 2 | 0 | |a rozvoj trvalo udržateľný |
| 610 | 2 | 0 | |a legislatíva |
| 610 | 2 | 0 | |a kódexy |
| 610 | 2 | 0 | |a spotrebitelia |
| 100 | 1 | |a Zelenka, Josef | |